Simplified basic programming for microcomputers
| Main Author: | |
|---|---|
| Other Authors: | |
| Format: | Book |
| Published: |
New York :
Harper & Row ,
1984
|
| Subjects: |
MARC
| LEADER | 00000cam a2200000 7i4500 | ||
|---|---|---|---|
| 001 | 0000002153 | ||
| 005 | 20050423.0 | ||
| 020 | |a 0060461624 | ||
| 040 | |a INS | ||
| 090 | 0 | 0 | |a QA76.73.B3 |b S543 1984 |
| 100 | 1 | |a Silver, Gerald A. | |
| 245 | 1 | 0 | |a Simplified basic programming for microcomputers |c Gerald A. Silver |
| 260 | |a New York : |b Harper & Row , |c 1984 | ||
| 300 | |a vi, 314p. : |b ill : |b pic ; |c 23 cm. | ||
| 650 | 0 | 0 | |a Basic computer program language microcomputer |
| 700 | 1 | |a Silver, Myrna | |
| 999 | |a 0000000648 |b BOOK |c Open Shelf |e Default branch | ||